| 000 | 00452nam a2200193Ia 4500 | ||
|---|---|---|---|
| 005 | 20250603145324.0 | ||
| 008 | 250603s9999 xx 000 0 und d | ||
| 020 | _a9789353433291 | ||
| 050 | _aHF 5415.2 .M35/ | ||
| 100 | _aMalhotra, Naresh K. | ||
| 245 | 0 | _aMarketing research : an applied orientation | |
| 250 | _a7th ed. | ||
| 260 | _aIndia | ||
| 260 | _bPearson | ||
| 260 | _c2019 | ||
| 300 | _a955 p | ||
| 650 | _aIndia | ||
| 942 | _cBK | ||
| 999 |
_c41522 _d41522 |
||